Basketball / (Record no. 5339)

MARC details
000 -LEADER
fixed length control field 00944cam a2200301 i 4500
001 - CONTROL NUMBER
control field 364845
003 - CONTROL NUMBER IDENTIFIER
control field URS
005 - DATE AND TIME OF LATEST TRANSACTION
control field 20220117120730.0
008 - FIXED-LENGTH DATA ELEMENTS--GENERAL INFORMATION
fixed length control field 771207s2007 enka 000 0 eng
010 ## - LIBRARY OF CONGRESS CONTROL NUMBER
LC control number 77372348
015 ## - NATIONAL BIBLIOGRAPHY NUMBER
National bibliography number GB77-15424
020 ## - INTERNATIONAL STANDARD BOOK NUMBER
International Standard Book Number 81-207-2576-X
Terms of availability £3.00
040 ## - CATALOGING SOURCE
Original cataloging agency URS
Transcribing agency URS
050 00 - LIBRARY OF CONGRESS CALL NUMBER
Classification number GV 885
Item number .C592 2007
082 00 - DEWEY DECIMAL CLASSIFICATION NUMBER
Classification number 796.32/32
100 ## - MAIN ENTRY--PERSONAL NAME
Personal name Coleman, Brian
Dates associated with a name 1933-
245 10 - TITLE STATEMENT
Title Basketball /
Statement of responsibility, etc. [by] Brian Coleman.
260 ## - PUBLICATION, DISTRIBUTION, ETC.
Place of publication, distribution, etc. Wakefield :
Name of publisher, distributor, etc. Sterling Publishers PVT. LTD.
Date of publication, distribution, etc. [2007]
260 ## - PUBLICATION, DISTRIBUTION, ETC.
Date of publication, distribution, etc. ©2007
300 ## - PHYSICAL DESCRIPTION
Extent 160 p. :
Other physical details illustration
Dimensions 15 cm.
490 0# - SERIES STATEMENT
Series statement EP sport series
500 ## - GENERAL NOTE
General note On cover: "An official E.B.B.A. publication."
524 ## - PREFERRED CITATION OF DESCRIBED MATERIALS NOTE
Preferred citation of described materials note Coleman, B. (2007). Basketball. Okhla Industrial Area, Phase-II, New Delhi : Sterling publishers PVT. LTD.
650 #0 - SUBJECT ADDED ENTRY--TOPICAL TERM
Topical term or geographic name entry element Basketball.
700 1# - ADDED ENTRY--PERSONAL NAME
Personal name Ray, Peter,
Relator term joint author.
906 ## - LOCAL DATA ELEMENT F, LDF (RLIN)
a 7
b cbc
c orignew
d 3
e ncip
f 19
g y-gencatlg
942 ## - ADDED ENTRY ELEMENTS (KOHA)
Source of classification or shelving scheme Library of Congress Classification
Koha item type Foreign Books
Holdings
Withdrawn status Source of classification or shelving scheme Damaged status Not for loan Collection code Home library Current library Shelving location Date acquired Total Checkouts Full call number Barcode Date last seen Price effective from Koha item type
  Library of Congress Classification     Non-fiction Antipolo College Library Antipolo College Library On Display 07/16/2019   796.32/32 URSANT-02881 07/16/2019 07/16/2019 Foreign Books

University of Rizal System
Email us at univlibservices@urs.edu.ph

Visit our Website www.urs.edu.ph/library